000 00675nam0a22002411 4500
001 v19\rc\2088883
005 20250620035131.0
035 _a(NLR Aleph) 005158978
090 _a4969524
_c4969524
100 _a20081218d1913 |||y0rusy50 ca
101 0 _arus
102 _aRU
105 _ay z |||||
200 1 _aВечный календарь
210 _aБендеры
_cтип. Е. Натензон-Постан
_d[1913]
215 _a1 л.
700 1 _aПагис
_bО.С.
801 0 _aRU
_bNLR
_gpsbo
801 1 _aRU
_bProSoft-M
_2rusmarc
830 _aИст.: Кн. летопись 1913 г. 1 № 2720
852 _aNLR
_jDesideratum
942 _cBOOK
980 _aNB